• 首页
  • 本馆介绍
  • 公告通知
  • 最新文献
  • 馆藏检索
  • 电子资源
  • 读者导购
  • 参考咨询
  • 我的图书馆
  • 登录
  • 期刊详细显示
  • 现刊情况显示
  • 合订本情况显示
  • 篇目信息显示

期刊信息

  • 表格格式
  • 工作单格式
  • 卡片格式
索取号 
N5/QQHE
题名 
齐齐哈尔师范学院学报
作者 
该刊编辑部
分册号 
分册名 
出版地 
齐齐哈尔
出版者 
该刊编辑部
标准刊号 
1000-9884
出版频率 
中图法分类 
G65
主题词 
自然科学 丛书; 自然科学 文集; 自然科学 连续出版物
电子资源 
000 01180nas0 2200337 45
001 1196061463
005 20070409172710.42
011    @a1000-9884
091    @aCN@b23-1293
100    @a19960107a19799999k y0chiy0110 eb
101 0  @achi@deng
102    @aCN@b230000
110    @aahaz 0yy0
200 1  @a齐齐哈尔师范学院学报@AQi Qi Ha Er Shi Fan Xue Yuan Xue Bao@f该刊编辑部@FGai Kan Bian Ji Bu@i自然科学版@IZi Ran Ke Xue Ban@dJournal of Qiqihar Teachers College@zeng
210    @a齐齐哈尔@b黑龙江省齐齐哈尔市中华西路35号(邮码161006)@c该刊编辑部@d1979~
215    @c插图@d26cm
510 1  @aJournal of Qiqihar Teachers College@zeng
530 0  @a齐齐哈尔师范学院学报@AQi Qi Ha Er Shi Fan Xue Yuan Xue Bao
540 1  @a齐齐哈尔 师范 学院 学报@AQi Qi Ha Er Shi Fan Xue Yuan Xue Bao
606 0  @a自然科学@x丛书
606 0  @a自然科学@x文集
606 0  @a自然科学@x连续出版物
610 0  @a师范@a教育
676    @a505@v19
690    @aG65@v3
690    @aN@v3
690    @aN5@v4
711 02 @a齐齐哈尔师范学院@AQi Qi Ha Er Shi Fan Xue Yuan@4主办
711 02 @a该刊编辑部@AGai Kan Bian Ji Bu
801  0 @aCN@bPFT@c20070409
905    @a1@cQ@dN5@c073@eQQHE
    
    齐齐哈尔师范学院学报/该刊编辑部.自然科学版=Journal of Qiqihar Teachers College.-齐齐哈尔(黑龙江省齐齐哈尔市中华西路35号(邮码161006)):该刊编辑部,1979~
    插图;26cm
    ←识别题名:齐齐哈尔师范学院学报
    
    ISSN 1000-9884
    
●
相关链接: 在易读查询期刊 在中国知网中查询期刊 在万方数据查询期刊 在维普查询期刊
唐山师范学院图书馆 欢迎您!
大连网信软件有限公司© 版权所有